Radiohead - OK Computer Songs - Statistics

General Stats
  • This quiz has been taken 24 times
  • The average score is 11 of 12
Answer Stats
Length Song % Correct
3:48 No Surprises
100%
6:23 Paranoid Android
100%
4:44 Airbag
94%
1:57 Fitter Happier
94%
4:21 Karma Police
94%
4:59 Let Down
94%
3:50 Electioneering
88%
4:27 Subterranean Homesick Alien
88%
4:45 Climbing Up the Walls
82%
4:19 Lucky
82%
5:24 The Tourist
82%
4:24 Exit Music (For a Film)
71%
No matching quizzes found
Score Distribution
Percent of People with Each Score
Percentile by Number Answered
Your Score History
You have not taken this quiz